000 00540nam a2200157 a 4500
001 000030102
005 20240304103305.0
008 110429s2001 dr ab 000 0 spa d
040 _aDO-SdBNP
_bspa
_cBNPHU
082 _axxx
_bR426i
110 1 _aRepública Dominicana.
_b Secretaría de Estado de Medio Ambiente y Recursos Naturales
_914503
245 1 0 _aInventario forestal.
260 _aSanto Domingo :
_bSecretaría de Estado de Medio Ambiente y Recursos Naturales,
_c2001.
300 _a33 p. :
_bgraf., mapas ;
_c23 cm.
049 _aBNPD
999 _c29594
_d29594